|
|
|
|
| LEADER |
00895cam a2200217 7i4500 |
| 001 |
0000027255 |
| 005 |
20111130090000.0 |
| 022 |
0 |
0 |
|a 1675302X
|
| 090 |
0 |
0 |
|a M 381.1025
|b MAL
|
| 245 |
0 |
0 |
|a Malaysia convention & exhibition directory 2011/ 2012.
|
| 260 |
0 |
0 |
|a Shah Alam:
|b Marshall Cavendish,
|c 2011.
|
| 300 |
# |
# |
|a 366 p.
|
| 650 |
0 |
0 |
|a Exhibitions --
|x Directories --
|z Malaysia
|
| 650 |
0 |
0 |
|a Conventions --
|x Directories --
|z Malaysia
|
| 651 |
0 |
0 |
|a Malaysia
|
| 999 |
|
|
|a JHR000293H
|b Directories
|c Malaysia
|e MATRADE Southern Regional Office
|
| 999 |
|
|
|a 0000029901
|b Directories
|c Malaysia
|e Business Information Centre
|
| 999 |
|
|
|a PNG001002H
|b Directories
|c Malaysia
|e MATRADE Northern Regional Office
|
| 999 |
|
|
|a SBH000970H
|b Directories
|c Malaysia
|e MATRADE Sabah
|
| 999 |
|
|
|a SRW000397H
|b Directories
|c Malaysia
|e MATRADE Sarawak
|
| 999 |
|
|
|a TRG000279H
|b Directories
|c Malaysia
|e MATRADE Eastern Regional Office
|